000 02156nam0a2200349 4500
001 RU\NLR\BIBL_A\012160149
005 20260406101932.0
035 _a(NLR Aleph) 012160149
090 _a12185882
_c12185882
100 _a20191210d1898 |||y0rusy50 ca
101 0 _arus
102 _aRU
105 _ay z 000zy
200 1 _aО преобразовании Электро-Технического Института
_eв Государственный Совет
_fМинистерство Внутренних Дел. Главное Управление Почт и Телеграфов. Отделение VII. Стол 1. 15 марта 1898. № 246
210 _a[С.-Петербург
_cб. и.]
_d1898
215 _a71 с.
_d34
300 _aВ конце текстов: Подписал: Министр Внутренних Дел И. Горемыкин; Скрепил: Начальник Главного Управления почт и телеграфов Генерального Штаба, Генерал-Лейтенант Петров
309 _aБез тит. л. и обл.
327 1 _aВ документе также: Положение об Электротехническом Институте: проект
517 1 _aПоложение об Электротехническом Институте: проект
601 0 2 _aЭлектротехнический институт
_cПетербург, город
_92440806
_3RU\NLR\AUTH\6601669906
606 1 _aИнженеры-электрики
_xПодготовка
_91831285
_3RU\NLR\AUTH\66828060
686 3 _aЧ488.751.4(28)7-Петербургский
686 3 _aЧ488.751
702 1 _4720
_8rus
_7ca
_aГоремыкин
_bИ. Л.
_cгос. деятель
_f1839-1917
_gИван Логгинович
_3RU\NLR\AUTH\7782675
_965603
702 1 _4720
_7ca
_8rus
_aПетров
_bН. И.
_cгос. и воен. деятель
_f1841-1905
_gНиколай Иванович
_9216870
_3RU\NLR\AUTH\770216926
852 _aNLR
_j135/294-329(19)
942 _cBOOK
980 _aNB